000
00301nam a22001337a 4500
008
180306b xxu||||| |||| 00| 0 eng d
020
_a
9781256328285
041
_a
eng
080
_a
51
100
_a
38
101
_a
mat
245
_a
excursions in modern mathematics
_c
peter,t
942
_2
udc
_c
BK
999
_c
44187
_d
44187